FNCS Chapter 5 Season 1 Finalists - Statistics

General Stats
  • This quiz has been taken 87 times
  • The average score is 20 of 100
Answer Stats
Hint Answer % Correct
2nd Peterbot
96%
Cold
88%
Pollo
88%
4th Clix
83%
1st Acorn
82%
3rd Bugha
75%
Epikwhale
72%
9th Cooper
71%
13th Khanada
67%
Mero
66%
Avivv
57%
14th Muz
57%
Ajerss
54%
Boltz
51%
5th Reet
51%
Ritual
51%
24th Batman Bugha
47%
Rapid
47%
Rise
43%
8th Eomzo
41%
11th Sphinx
38%
16th Dukez
37%
Edgey
33%
Threats
33%
32nd AsianJeff
32%
Paper
29%
19th Brycx
26%
Bylah
26%
43rd Blake
25%
OliverOG
25%
10th Bacca
24%
Parz
24%
22nd Cented
21%
npen
20%
Trashy
20%
23rd Deyy
18%
Mackwood
18%
Pxlarized
16%
17th Kwanti
14%
Pxmp
14%
Chimp
13%
Chubs
13%
12th Death
13%
7th skqttles
13%
Jivan
11%
36th GMoney
9%
6th Noxy
9%
Aminished
7%
18th Cam
7%
Channce
7%
34th Mason
7%
37th Pigle
7%
15th Seek
7%
26th Sigma
5%
41st Snacky
5%
29th Bacon
4%
49th Ceneto
4%
47th Dolzeur
4%
Krisp
4%
45th Nekko
4%
50th Papiblast
4%
Tahi
4%
Veer
4%
Vert
4%
Dash
3%
DiegoPlayz
3%
Encrypted
3%
Ozone
3%
30th Raze
3%
Reducs
3%
Sxhool
3%
Tkay
3%
Xpon
3%
28th Yumi
3%
40th Aaron
1%
Convic
1%
31st Cyrzr
1%
33rd daltywalty
1%
48th duckie
1%
44th Freeze
1%
42nd Golden
1%
46th Mew
1%
39th Tavern
1%
Vortek
1%
zyro
1%
20th Aiden
0%
35th crackly
0%
21st CrFrmdaWic
0%
Highr
0%
Hound
0%
38th Jagveer
0%
maxo
0%
puhzessedxaim
0%
Rodman
0%
Skayter
0%
Sovzy
0%
susscript
0%
25th Vanillaz
0%
xavifw
0%
27th Zookez
0%
No matching quizzes found
Score Distribution
Percent of People with Each Score
Percentile by Number Answered
Your Score History
You have not taken this quiz